God's remedy for rejection / (Record no. 3479)
[ view plain ]
| 000 -LEADER | |
|---|---|
| fixed length control field | 00649nam a22002175a 4500 |
| 001 - CONTROL NUMBER | |
| control field | 45784 |
| 003 - CONTROL NUMBER IDENTIFIER | |
| control field | OSt |
| 005 - DATE AND TIME OF LATEST TRANSACTION | |
| control field | 20181113165639.0 |
| 008 - FIXED-LENGTH DATA ELEMENTS--GENERAL INFORMATION | |
| fixed length control field | 930803s1993 flu 000 0 eng |
| 010 ## - LIBRARY OF CONGRESS CONTROL NUMBER | |
| LC control number | 93070117 |
| 020 ## - INTERNATIONAL STANDARD BOOK NUMBER | |
| International Standard Book Number | 0884193373 (pbk.) |
| 040 ## - CATALOGING SOURCE | |
| Original cataloging agency | DLC |
| Transcribing agency | DLC |
| 082 ## - DEWEY DECIMAL CLASSIFICATION NUMBER | |
| Classification number | 248.9 |
| Item number | S195G |
| 100 1# - MAIN ENTRY--PERSONAL NAME | |
| Personal name | Prince, Derek. |
| 245 10 - TITLE STATEMENT | |
| Title | God's remedy for rejection / |
| Statement of responsibility, etc. | Derek Prince. |
| 260 ## - PUBLICATION, DISTRIBUTION, ETC. | |
| Place of publication, distribution, etc. | Orlando, Fla. : |
| Name of publisher, distributor, etc. | Christian Life Books ; |
| Place of publication, distribution, etc. | Altamonte Springs, FL : |
| Name of publisher, distributor, etc. | Available from Creation House, |
| Date of publication, distribution, etc. | c1993. |
| 300 ## - PHYSICAL DESCRIPTION | |
| Extent | 62 p. ; |
| Dimensions | 22 cm. |
| 906 ## - LOCAL DATA ELEMENT F, LDF (RLIN) | |
| a | 7 |
| b | ibc |
| c | orignew |
| d | 3 |
| e | opcn |
| f | 19 |
| g | y-gencatlg |
| 942 ## - ADDED ENTRY ELEMENTS (KOHA) | |
| Source of classification or shelving scheme | Dewey Decimal Classification |
| Koha item type | Books |
| Withdrawn status | Lost status | Source of classification or shelving scheme | Damaged status | Not for loan | Collection code | Home library | Current library | Shelving location | Date acquired | Cost, normal purchase price | Total Checkouts | Full call number | Barcode | Date last seen | Price effective from | Koha item type |
|---|---|---|---|---|---|---|---|---|---|---|---|---|---|---|---|---|
| Dewey Decimal Classification | Not For Loan | Non-fiction | Harvest Mission College | Harvest Mission College | General Stacks | 13.11.2018 | 90.00 | 248.9 S195G | 004070 | 13.11.2018 | 13.11.2018 | Books |
